| 000 | 00893nas a2200313 4500 | ||
|---|---|---|---|
| 001 | BR0400563 | ||
| 003 | BR-BrBNA | ||
| 005 | 20231205104345.0 | ||
| 007 | ta | ||
| 008 | 230509b bl.|||p| |||| 00| 00por d | ||
| 040 |
_aBR-BrBNA _bpor _cBiblioteca Nacional de Agricultura |
||
| 041 | _a(Pt) | ||
| 072 | _aF03 | ||
| 100 | 1 | _aCustódio, C.C. | |
| 100 | 1 | _aMachado Neto, N.B.M. | |
| 100 | 1 | _aIto, H.M. | |
| 100 | 1 | _aVivan, M.R. | |
| 245 | 1 | _aEfeito da submersão em água de sementes de feijão na germinação e no vigor | |
| 650 | _aFEIJÃO | ||
| 650 | _aSEMENTE | ||
| 650 | _aIMERSÃO | ||
| 650 | _aGERMINAÇÃO | ||
| 650 | _aTESTE DE VIGOR | ||
| 650 | _aVARIEDADE | ||
| 650 | _aEMBEBIÇÃO | ||
| 773 | 0 |
_tRevista Brasileira de Sementes (Brazil) _xISSN 0101-3122 _g(2002), v. 24(2) p. 49-54 _wBR0400563 |
|
| 909 |
_a202311 _bLúcia _c55 _dLúcia Elande |
||
| 942 |
_2AGRIS _n0 _cANA |
||
| 999 |
_c177729 _d177729 |
||